[Event "Oberhausener SV 1 - Langenfelder SF 1"]
[Site "NRW-Liga, Gr. 2 2022/2023"]
[Date "2023.05.14"]
[Round "9.3"]
[White "Vogelmann, Peter"]
[Black "Alkhazashvili, Ololi"]
[Result "1/2-1/2"]
[WhiteElo "2098"]
[BlackElo "2151"]
[PlyCount "88"]
[EventDate "2023.??.??"]
[SourceVersionDate "2023.06.22"]
[WhiteTeam "Langenfelder SF 1"]
[BlackTeam "Oberhausener SV 1"]

1. e4 c5 2. Nf3 a6 3. c3 d6 4. d4 b6 5. Bd3 Bg4 6. h3 Bxf3 7. Qxf3 e5 8. dxe5
dxe5 9. O-O Ra7 10. a4 Nf6 11. Bg5 Be7 12. Na3 Nfd7 13. Bxe7 Qxe7 14. Nc4 O-O
15. Ne3 Nc6 16. Bc4 Qg5 17. Rfd1 Ndb8 18. Rd6 g6 19. Rad1 Kg7 20. g3 Qe7 21.
R6d2 Na5 22. Qg4 Kh8 23. Bf1 h5 24. Qf3 Nb3 25. Rd5 Kg8 26. h4 Nd7 27. Bc4 Na5
28. Bf1 Rb8 29. Bh3 Nf6 30. Rd6 Kg7 31. R6d2 Nb3 32. Rd3 c4 33. Nxc4 Nc5 34.
Rd6 b5 35. Na5 Ncxe4 36. Nc6 Qc7 37. Rxf6 Nxf6 38. Nxa7 Qxa7 39. Rd6 {(=)} Qe7
40. Rxa6 bxa4 41. Qe2 Qd8 42. Kh2 Qe8 43. Qf3 Qe7 44. Qe2 Qe8 1/2-1/2

[Event "Oberhausener SV 1 - Langenfelder SF 1"]
[Site "NRW-Liga, Gr. 2 2022/2023"]
[Date "2023.05.14"]
[Round "9.4"]
[White "Mancic, Ivan"]
[Black "Huelsmann, Josef"]
[Result "1/2-1/2"]
[WhiteElo "2094"]
[BlackElo "2143"]
[PlyCount "171"]
[EventDate "2023.??.??"]
[SourceVersionDate "2023.06.22"]
[WhiteTeam "Oberhausener SV 1"]
[BlackTeam "Langenfelder SF 1"]

1. d4 e6 2. c4 d5 3. Nf3 c6 4. g3 Nd7 5. Bg2 Bd6 6. O-O f5 7. b3 Ngf6 8. Ba3
Bxa3 9. Nxa3 Qe7 10. Qc1 O-O 11. Qb2 b6 12. b4 a5 13. b5 c5 14. cxd5 exd5 15.
dxc5 bxc5 16. Nc2 Bb7 17. a4 Ne4 18. Rad1 Nb6 19. Qa1 d4 20. e3 Nc3 21. Rde1
Qf6 22. exd4 cxd4 23. Ncxd4 Nbxa4 24. Re6 Qd8 25. Rfe1 Rc8 26. Nc6 Bxc6 27.
bxc6 Qb6 28. Ne5 Qb2 29. Nc4 Qb4 30. Nd6 Rc7 31. Qc1 Nc5 32. Re8 N3e4 33. Rxf8+
Kxf8 34. Nxe4 Nxe4 35. Bxe4 fxe4 36. Qf4+ Rf7 37. Qxe4 Qxe4 38. Rxe4 Rc7 39.
Ra4 Rxc6 40. Rxa5 Kf7 41. Kg2 h6 42. h4 Rc7 43. h5 Rb7 44. Rf5+ Kg8 45. Kh3 Rb4
46. Rd5 Re4 47. Rd7 Rb4 48. Rd6 Ra4 49. Kg2 Rb4 50. Kf3 Ra4 51. Re6 Kf7 52. Re4
Ra5 53. g4 Ra2 54. Rf4+ Kg8 55. Kg3 Ra1 56. Rf3 Ra4 57. Rf5 Ra3+ 58. f3 Ra1 59.
Re5 Kf7 60. Kf4 Ra4+ 61. Kf5 Ra6 62. Rd5 Rf6+ 63. Ke4 Ra6 64. f4 Re6+ 65. Re5
Ra6 66. g5 hxg5 67. fxg5 Ra1 68. g6+ Kf8 69. Kf5 Rf1+ 70. Ke6 Rd1 71. Rd5 Rxd5
72. Kxd5 Kg8 73. Ke6 Kf8 74. Kf5 Kg8 75. Kg5 Kh8 76. h6 Kg8 77. hxg7 Kxg7 78.
Kh5 Kg8 79. Kh6 Kh8 80. Kg5 Kg7 81. Kf5 Kg8 82. Ke6 Kg7 83. Kf5 Kg8 84. Kf6 Kf8
85. g7+ Kg8 86. Kg6 1/2-1/2

[Event "Oberhausener SV 1 - Langenfelder SF 1"]
[Site "NRW-Liga, Gr. 2 2022/2023"]
[Date "2023.05.14"]
[Round "9.5"]
[White "Reinemer, Frank"]
[Black "Ciornei, Dragos"]
[Result "1/2-1/2"]
[WhiteElo "2080"]
[BlackElo "2020"]
[PlyCount "111"]
[EventDate "2023.??.??"]
[SourceVersionDate "2023.06.22"]
[WhiteTeam "Langenfelder SF 1"]
[BlackTeam "Oberhausener SV 1"]

1. d4 Nf6 2. c4 g6 3. Nc3 Bg7 4. e4 d6 5. f4 O-O 6. Nf3 Bg4 7. Be2 Nfd7 8. O-O
e5 9. fxe5 dxe5 10. Bg5 f6 11. Be3 Bxf3 12. gxf3 exd4 13. Qxd4 Kh8 14. Rad1 f5
15. Qd2 c6 16. Kh1 Qe7 {(=)} 17. Bd4 f4 18. b4 Bxd4 19. Qxd4+ Ne5 20. Na4 Nbd7
21. Qc3 Kg8 22. c5 Rf6 23. Nb2 Raf8 24. Nc4 Nxc4 25. Bxc4+ Kh8 26. Rd6 Ne5 27.
Rfd1 h6 28. Bf1 Kh7 29. Bh3 R8f7 30. Rd8 a6 31. R1d7 Nxd7 32. Rxd7 Qe8 33. Qxf6
Rxd7 34. Bxd7 Qxd7 35. Qxf4 Qd1+ 36. Kg2 Qe2+ 37. Kh3 Qf1+ 38. Kg4 Qg2+ 39. Qg3
h5+ 40. Kg5 Qd2+ 41. Kf6 Qd8+ 42. Ke6 Qe8+ 43. Kd6 Qd8+ 44. Ke5 Qh8+ 45. Kf4
Qf6+ 46. Ke3 Qc3+ 47. Kf2 Qd2+ 48. Kg1 Qxb4 49. Qc7+ Kh6 50. Qf4+ Kh7 51. Qf7+
Kh6 52. Qf8+ Kh7 53. Qe7+ Kh6 54. Qf8+ Kh7 55. Qf7+ Kh6 56. Qf8+ 1/2-1/2

[Event "Oberhausener SV 1 - Langenfelder SF 1"]
[Site "NRW-Liga, Gr. 2 2022/2023"]
[Date "2023.05.14"]
[Round "9.6"]
[White "Nissen, Claus"]
[Black "Schaffeld, Martin"]
[Result "1-0"]
[WhiteElo "2048"]
[BlackElo "1555"]
[PlyCount "39"]
[EventDate "2023.??.??"]
[SourceVersionDate "2023.06.22"]
[WhiteTeam "Oberhausener SV 1"]
[BlackTeam "Langenfelder SF 1"]

1. Nf3 c5 2. c4 Nf6 3. Nc3 g6 4. g3 Bg7 5. Bg2 Nc6 6. O-O O-O 7. d4 cxd4 8.
Nxd4 Qb6 9. Nb3 d6 10. Be3 Qd8 11. h3 a6 12. Rc1 Bd7 13. Na4 Rb8 14. Nb6 Ne5
15. f4 Nc6 16. Qd2 Bf5 17. g4 Be4 18. g5 Bxg2 19. gxf6 Bxf6 20. Kxg2 1-0

[Event "Oberhausener SV 1 - Langenfelder SF 1"]
[Site "NRW-Liga, Gr. 2 2022/2023"]
[Date "2023.05.14"]
[Round "9.7"]
[White "Unshelm, Jan Erik"]
[Black "Voge, Andreas"]
[Result "1/2-1/2"]
[WhiteElo "1322"]
[BlackElo "2030"]
[PlyCount "76"]
[EventDate "2023.??.??"]
[SourceVersionDate "2023.06.22"]
[WhiteTeam "Langenfelder SF 1"]
[BlackTeam "Oberhausener SV 1"]

1. e4 c5 2. Nf3 d6 3. d4 cxd4 4. Nxd4 Nf6 5. Nc3 a6 6. Be2 e5 7. Nb3 Be6 8. Be3
Nbd7 9. a4 Be7 10. a5 Rc8 11. f3 O-O 12. O-O Qc7 13. Qd2 Rfd8 14. Rfc1 Nc5 15.
Nd5 Bxd5 16. exd5 Nxb3 17. cxb3 Qd7 18. Bc4 h6 19. Bb6 Re8 20. Rc2 Nh5 21. Be3
f5 22. Rac1 f4 23. Bb6 Bg5 24. Bd3 Rxc2 25. Qxc2 Nf6 26. Bf5 Qb5 27. Be6+ Kh8
28. Qc4 Qxc4 29. Rxc4 Re7 30. Rc8+ Kh7 31. Rd8 e4 32. Rxd6 e3 33. Kf1 e2+ 34.
Kxe2 Nxd5 35. Kf2 Nxb6 36. Rxb6 Bf6 37. Bf5+ Kg8 38. Rd6 Kf7 1/2-1/2

[Event "Porz 2- Bochum"]
[Site "?"]
[Date "2023.05.14"]
[Round "9.1"]
[White "Zatonskih, Anna"]
[Black "Malykin, Vitaly"]
[Result "1/2-1/2"]
[WhiteElo "2327"]
[BlackElo "2335"]
[PlyCount "29"]
[SourceVersionDate "2023.06.22"]

1. d4 g6 2. e4 Bg7 3. Nf3 d6 4. Bc4 e6 5. Qe2 Ne7 6. O-O Nd7 7. Rd1 O-O 8. Bb3
h6 9. c3 b6 10. h3 Bb7 11. Bf4 g5 12. Bh2 Ng6 13. Nbd2 Nf6 14. Bc2 Nh5 15. e5
1/2-1/2

[Event "Porz 2- Bochum"]
[Site "?"]
[Date "2023.05.14"]
[Round "9.2"]
[White "Gallasch, Jonas"]
[Black "Friedmann, Rafael"]
[Result "1/2-1/2"]
[WhiteElo "2303"]
[BlackElo "2418"]
[PlyCount "25"]
[SourceVersionDate "2023.06.22"]

1. d4 d6 2. Nf3 Bg4 3. e3 Nf6 4. c4 c6 5. Nc3 Nbd7 6. Be2 e5 7. O-O Be7 8. e4
O-O 9. Be3 exd4 10. Nxd4 Bxe2 11. Qxe2 Re8 12. f3 Bf8 13. Rad1 1/2-1/2

[Event "Porz 2- Bochum"]
[Site "?"]
[Date "2023.05.14"]
[Round "9.4"]
[White "Gallasch, Robin"]
[Black "Zozulia, Anna"]
[Result "1/2-1/2"]
[WhiteElo "2049"]
[BlackElo "2236"]
[PlyCount "77"]
[SourceVersionDate "2023.06.22"]

1. d4 Nf6 2. c4 g6 3. Nc3 Bg7 4. e4 d6 5. h3 O-O 6. Be3 e5 7. d5 c6 8. g4 cxd5
9. cxd5 a6 10. Nge2 b5 11. Ng3 Nbd7 12. Qd2 Nc5 13. f3 b4 14. Nd1 a5 15. Rc1
Ne8 16. h4 f5 17. gxf5 gxf5 18. Bg5 Bf6 19. exf5 Bxg5 20. hxg5 Bxf5 21. Nxf5
Rxf5 22. g6 Ra7 23. Rxc5 dxc5 24. d6 Qxd6 25. Bc4+ Kh8 26. Qh6 Qe7 27. Ne3 Rxf3
28. Nd5 Qg7 29. Qg5 Nf6 30. Qxe5 Qxg6 31. Nxf6 Re7 32. Qxe7 Qg3+ 33. Kd2 Qf4+
34. Kc2 Qxc4+ 35. Kb1 Qd3+ 36. Kc1 Qc4+ 37. Kb1 Qd3+ 38. Kc1 Qc4+ 39. Kb1
1/2-1/2

[Event "Porz 2- Bochum"]
[Site "?"]
[Date "2023.05.14"]
[Round "9.5"]
[White "Zatonskih, Vitaly"]
[Black "Sabirov, Rafael"]
[Result "1/2-1/2"]
[WhiteElo "2224"]
[BlackElo "2123"]
[PlyCount "44"]
[SourceVersionDate "2023.06.22"]

1. e4 c5 2. Nf3 e6 3. d4 cxd4 4. Nxd4 a6 5. c4 Nf6 6. Nc3 Qc7 7. a3 b6 8. Be3
Bb7 9. f3 d6 10. Rc1 Nbd7 11. Be2 Be7 12. Qd2 O-O 13. g4 g6 14. h4 Rfe8 15. h5
Nf8 16. hxg6 fxg6 17. Bd1 Bd8 18. Ba4 Re7 19. Bb3 Qd7 20. Nde2 Bc7 21. Na4 Bc6
22. Nac3 Qe8 1/2-1/2

[Event "Porz 2- Bochum"]
[Site "?"]
[Date "2023.05.14"]
[Round "9.7"]
[White "Golinka, Oleksandr"]
[Black "Burlutskaia, Maria"]
[Result "1-0"]
[WhiteElo "2189"]
[BlackElo "1599"]
[PlyCount "41"]
[SourceVersionDate "2023.06.22"]

1. e4 e5 2. Nf3 Nc6 3. d4 exd4 4. Nxd4 Nf6 5. Nxc6 bxc6 6. e5 Nd5 7. Bd3 g6 8.
O-O Bg7 9. Re1 O-O 10. c4 Nb4 11. Bf1 Re8 12. a3 Na6 13. Bf4 Nc5 14. Nc3 a5 15.
Be3 Ne6 16. f4 f6 17. exf6 Qxf6 18. Qd2 Rf8 19. g3 Nd4 20. Qd1 Rb8 21. Ne4 1-0

[Event "Porz 2- Bochum"]
[Site "?"]
[Date "2023.05.14"]
[Round "9.8"]
[White "Holzwarth, Felix"]
[Black "Golovanj, Andrej"]
[Result "0-1"]
[WhiteElo "1591"]
[BlackElo "2320"]
[PlyCount "100"]
[SourceVersionDate "2023.06.22"]

1. e4 c5 2. Nf3 Nc6 3. Bb5 g6 4. O-O Bg7 5. Nc3 e5 6. Re1 Nge7 7. a4 O-O 8. d3
h6 9. Bc4 d6 10. h3 Kh7 11. Nd5 Nxd5 12. Bxd5 Be6 13. Bxe6 fxe6 14. Be3 Qe7 15.
c3 Rf7 16. Qb3 Rxf3 17. gxf3 Rf8 18. Qd1 g5 19. Kh2 Qf7 20. Rg1 Ne7 21. Rg3 Ng6
22. Qe2 Nh4 23. Rf1 Qe8 24. Qd1 b6 25. Rfg1 Qh5 26. Rf1 Qf7 27. d4 exd4 28.
cxd4 Nxf3+ 29. Rxf3 Qxf3 30. Qxf3 Rxf3 31. dxc5 bxc5 32. Rd1 Rf7 33. b3 Be5+
34. Kg2 a6 35. Kf1 Rb7 36. Rd3 Rb4 37. f3 Kg6 38. Ke2 c4 39. bxc4 Rxc4 40. a5
Rc2+ 41. Kf1 Ra2 42. Bb6 Kf7 43. Rd1 Ke7 44. Rc1 Ra1 45. Rxa1 Bxa1 46. Kg2 Be5
47. Be3 Kd7 48. h4 Bf4 49. Bxf4 gxf4 50. Kh3 h5 0-1

[Event "Lippstadt- Brackel 2"]
[Site "?"]
[Date "2023.05.14"]
[Round "9.1"]
[White "Stemmler, Fabian"]
[Black "Wagner, Alexej"]
[Result "1-0"]
[WhiteElo "2108"]
[BlackElo "2249"]
[PlyCount "75"]
[SourceVersionDate "2023.06.22"]

1. e4 c5 2. Nf3 d6 3. d4 cxd4 4. Nxd4 Nf6 5. Nc3 a6 6. Bc4 e6 7. Bb3 b5 8. Bg5
Be7 9. Qf3 Qc7 10. e5 Bb7 11. exd6 Bxd6 12. Qe3 Bc5 13. O-O-O Nc6 14. Qxe6+
fxe6 15. Nxe6 Qe5 16. Nxg7+ Kf8 17. Ne6+ Kf7 18. Rhe1 Qxe1 19. Nxc5+ Kg6 20.
Rxe1 Kxg5 21. Nxb7 Rae8 22. Rd1 Re5 23. Nd6 Nd8 24. Rd3 h5 25. Rg3+ Kh6 26. Rf3
Kg6 27. Rg3+ Rg5 28. Rxg5+ Kxg5 29. Nce4+ Nxe4 30. Nxe4+ Kf4 31. Nc5 Rh6 32.
Bd5 h4 33. b4 Ke5 34. Bf3 Nc6 35. Nxa6 Nd4 36. Bb7 Rf6 37. Nc5 Ne2+ 38. Kd2 1-0

[Event "Lippstadt- Brackel 2"]
[Site "?"]
[Date "2023.05.14"]
[Round "9.2"]
[White "Tran, Duc"]
[Black "Wensing, Maximilian"]
[Result "0-1"]
[WhiteElo "2087"]
[BlackElo "2171"]
[PlyCount "66"]
[SourceVersionDate "2023.06.22"]

1. d4 Nf6 2. Bf4 g6 3. Nc3 c5 4. e3 Bg7 5. Qd2 O-O 6. Nf3 a6 7. Be2 b5 8. dxc5
b4 9. Nd5 Nxd5 10. Qxd5 Nc6 11. O-O-O e6 12. Qb3 a5 13. Bb5 a4 14. Bxa4 Bb7 15.
Bd6 Re8 16. Bxc6 Bxc6 17. Qxb4 Rxa2 18. c3 Qa8 19. Ne5 Bxg2 20. Rhg1 Be4 21.
Nxd7 Ra1+ 22. Kd2 Qd5+ 23. Qd4 Bxd4 24. Rxa1 Bxc5+ 25. Ke1 Qxd6 26. Nf6+ Kf8
27. Nxe4 Qc6 28. Nd2 Qb6 29. Ke2 Qb5+ 30. c4 Qxb2 31. Rgb1 Qc2 32. Rc1 Qf5 33.
Ra5 Rd8 0-1

[Event "Lippstadt- Brackel 2"]
[Site "?"]
[Date "2023.05.14"]
[Round "9.3"]
[White "Garbuz, Vitaliy"]
[Black "Fecke, Andreas"]
[Result "0-1"]
[WhiteElo "2154"]
[BlackElo "2135"]
[PlyCount "70"]
[SourceVersionDate "2023.06.22"]

1. e4 e5 2. Nf3 d6 3. d4 exd4 4. Qxd4 Nf6 5. Nc3 Be7 6. Bf4 O-O 7. O-O-O Nc6 8.
Qd2 a6 9. h3 b5 10. Bd3 Be6 11. Nd5 Nd7 12. Ng5 Nde5 13. Nxe7+ Qxe7 14. Nxe6
fxe6 15. Be2 b4 16. Be3 a5 17. f4 Nf7 18. g4 Rad8 19. Qd3 Ra8 20. Qc4 Ncd8 21.
Rhf1 c6 22. g5 d5 23. Qc5 Nd6 24. Bg4 N8b7 25. Qxc6 Rfc8 26. Qb6 Kh8 27. exd5
exd5 28. Bxc8 Rxc8 29. Bg1 Qe2 30. Qf2 Rxc2+ 31. Kb1 Rxb2+ 32. Kc1 Qc4+ 33.
Kxb2 Qc3+ 34. Kb1 Nc4 35. a4 b3 0-1

[Event "Lippstadt- Brackel 2"]
[Site "?"]
[Date "2023.05.14"]
[Round "9.4"]
[White "Kuehler, Andreas"]
[Black "Kracht, Raphael"]
[Result "0-1"]
[WhiteElo "1986"]
[BlackElo "2158"]
[Annotator "daniel"]
[PlyCount "120"]
[SourceVersionDate "2023.06.22"]

1. d4 Nf6 2. c4 e6 3. Nf3 Bb4+ 4. Bd2 c5 5. g3 Qb6 6. a3 Bxd2+ 7. Qxd2 Nc6 8.
dxc5 Qxc5 9. e3 Ne4 10. Qc2 d5 11. b4 Qe7 12. Bg2 Qf6 13. Ra2 O-O 14. O-O Nd6
15. Nbd2 dxc4 16. Nxc4 Nxc4 17. Qxc4 e5 18. Qh4 Be6 19. Ng5 Bf5 20. Ne4 Qxh4
21. gxh4 Rad8 22. Rc1 Ne7 23. Ng3 Be6 24. Rac2 Nd5 25. Rc5 $11 b6 26. Rc6 Rd7
27. Ne4 h6 28. Kf1 Rfd8 29. Rc8 Kf8 30. Rxd8+ Rxd8 31. Ke1 Ke7 32. Nd2 Rd7 33.
Rc6 f6 34. Bf3 Bf7 35. Rc8 Rc7 36. Rxc7+ Nxc7 37. Ke2 Nb5 38. a4 Nc3+ 39. Kd3
Nxa4 40. Kc2 Kd6 41. Ne4+ Kc7 42. Ng3 a5 43. bxa5 bxa5 44. Bh5 g6 45. Bf3 Nc5
46. h5 Kd6 47. Kc3 f5 48. hxg6 Bxg6 49. Kc4 a4 50. Bh5 a3 51. Kc3 Bxh5 52. Nxh5
e4 53. Ng3 Ke5 54. Nf1 Kf6 55. Ng3 Nd3 56. Kb3 Nxf2 57. Kxa3 Kg5 58. Kb3 Ng4
59. Nf1 Kh4 60. Kc3 Kh3 0-1

[Event "Lippstadt- Brackel 2"]
[Site "?"]
[Date "2023.05.14"]
[Round "9.5"]
[White "Gerlach, Felix"]
[Black "Wu, Tommy"]
[Result "1-0"]
[WhiteElo "2085"]
[BlackElo "1730"]
[PlyCount "39"]
[SourceVersionDate "2023.06.22"]

1. c4 Nf6 2. g3 g6 3. Bg2 d6 4. Nc3 Bg7 5. e4 c5 6. Nge2 Nc6 7. O-O O-O 8. d3
e5 9. Rb1 Ne8 10. a3 Nc7 11. b4 Ne6 12. Nd5 Ned4 13. Nxd4 Nxd4 14. f4 f6 15. h4
h5 16. f5 gxf5 17. Qxh5 fxe4 18. Bxe4 f5 19. Bg5 Bf6 20. Qg6+ 1-0

[Event "Godesberg- Sodingen"]
[Site "?"]
[Date "2023.05.14"]
[Round "9.1"]
[White "Boehnke, Martin"]
[Black "Koehler, Christian"]
[Result "0-1"]
[WhiteElo "2139"]
[BlackElo "2202"]
[PlyCount "82"]
[SourceVersionDate "2023.06.22"]

1. d4 f5 2. g3 Nf6 3. Bg2 g6 4. Nf3 Bg7 5. O-O O-O 6. b3 d6 7. Bb2 c6 8. c4 Qc7
9. Qc2 Re8 10. Nbd2 e5 11. dxe5 dxe5 12. c5 e4 13. Nd4 Nbd7 14. b4 Ne5 15. f3
exf3 16. exf3 Be6 17. Nxe6 Rxe6 18. Rfe1 Rae8 19. f4 Neg4 20. Nf3 Rxe1+ 21.
Rxe1 Rxe1+ 22. Nxe1 Qe7 23. Qd2 Ne4 24. Bxe4 Qxe4 25. Bxg7 Kxg7 26. a3 Qe3+ 27.
Qxe3 Nxe3 28. h3 Nc4 29. Nc2 Kf6 30. Kf2 Ke6 31. g4 fxg4 32. hxg4 Kd5 33. Ne3+
Nxe3 34. Kxe3 h6 35. Kf3 Kd4 36. Kf2 Ke4 37. Kg3 a6 38. a4 Kd5 39. Kf2 a5 40.
bxa5 Kxc5 41. g5 hxg5 0-1

[Event "Godesberg- Sodingen"]
[Site "?"]
[Date "2023.05.14"]
[Round "9.2"]
[White "Dahm, Jochen"]
[Black "Waldschmidt, Georg"]
[Result "1/2-1/2"]
[WhiteElo "2231"]
[BlackElo "2181"]
[PlyCount "82"]
[SourceVersionDate "2023.06.22"]

1. e4 e5 2. Nf3 Nc6 3. Nc3 Nf6 4. Bb5 Nd4 5. O-O Nxb5 6. Nxb5 c6 7. Nc3 d6 8.
d4 Qc7 9. a4 Be7 10. Bg5 O-O 11. h3 b6 12. d5 Bb7 13. dxc6 Bxc6 14. Bxf6 Bxf6
15. Qd3 Rac8 16. Rfe1 Be7 17. Nd2 Bb7 18. Nf1 Bg5 19. Rad1 Rfd8 20. Ne3 Bxe3
21. Rxe3 a6 22. Qd2 Qc4 23. Rd3 Qb4 24. Rxd6 Re8 25. Qe3 b5 26. Qb6 Qxb2 27.
Qxb7 Qxc3 28. axb5 axb5 29. Qxb5 Qxc2 30. Qd5 Qc4 31. Rd7 Qxd5 32. R1xd5 f6 33.
f3 h6 34. h4 h5 35. Kh2 Kh7 36. Rd3 Kg6 37. Kh3 Rc1 38. Rb7 Rh1+ 39. Kg3 Kh6
40. Rdd7 Rg8 41. Ra7 Kg6 1/2-1/2

[Event "Godesberg- Sodingen"]
[Site "?"]
[Date "2023.05.14"]
[Round "9.3"]
[White "Werrn, Pascal"]
[Black "Rybarczyk, Klaus"]
[Result "1-0"]
[WhiteElo "2123"]
[BlackElo "2133"]
[PlyCount "51"]
[SourceVersionDate "2023.06.22"]

1. c4 Nf6 2. Nc3 g6 3. g3 Bg7 4. Bg2 O-O 5. e4 d6 6. Nge2 c5 7. O-O Nc6 8. d3
a6 9. Rb1 Rb8 10. f4 Ne8 11. Be3 Bg4 12. Qd2 Nd4 13. b4 b5 14. cxb5 Bxe2 15.
Nxe2 axb5 16. Rfc1 Nxe2+ 17. Qxe2 cxb4 18. Rxb4 Qa5 19. Rcb1 Bc3 20. R4b3 b4
21. Rxc3 bxc3 22. Rxb8 c2 23. Rc8 Nc7 24. Rxf8+ Kxf8 25. Qd2 Qxa2 26. Qc3 1-0

[Event "Godesberg- Sodingen"]
[Site "?"]
[Date "2023.05.14"]
[Round "9.4"]
[White "Brandt, Sebastian"]
[Black "Becker, Joerg"]
[Result "1-0"]
[WhiteElo "2188"]
[BlackElo "2192"]
[PlyCount "101"]
[SourceVersionDate "2023.06.22"]

1. e4 d5 2. exd5 Nf6 3. Bb5+ Bd7 4. Bc4 Bf5 5. Nc3 Nbd7 6. d3 Nb6 7. Qf3 Bg4 8.
Qg3 a6 9. Nf3 Bh5 10. Ne5 Nbxd5 11. Nxd5 Nxd5 12. Qg5 g6 13. Nxf7 Kxf7 14.
Bxd5+ e6 15. Qf4+ Qf6 16. Qxf6+ Kxf6 17. Bxb7 Rb8 18. Bxa6 g5 19. Bc4 Bd6 20.
Bd2 e5 21. Bc3 Rhf8 22. f3 g4 23. f4 Rbe8 24. fxe5+ Bxe5 25. O-O+ Kg7 26. Rxf8
Kxf8 27. Bxe5 Rxe5 28. d4 Re4 29. c3 c5 30. Bd3 Re3 31. Bb5 cxd4 32. cxd4 Re4
33. a4 Bf7 34. Rd1 Bd5 35. Rd2 h5 36. g3 Re1+ 37. Kf2 Ra1 38. Ke3 Ke7 39. Kf4
Kf6 40. Re2 Rf1+ 41. Ke3 Bf3 42. Rd2 Re1+ 43. Kd3 Ra1 44. Kc3 Ke6 45. Bc4+ Kd6
46. b3 Bb7 47. Re2 Bf3 48. Re6+ Kd7 49. Rh6 Rh1 50. Rxh5 Bg2 51. Bd5 1-0

[Event "Godesberg- Sodingen"]
[Site "?"]
[Date "2023.05.14"]
[Round "9.5"]
[White "Banik, Thorsten"]
[Black "Broehl, Stephan"]
[Result "1/2-1/2"]
[WhiteElo "2115"]
[BlackElo "2140"]
[PlyCount "34"]
[SourceVersionDate "2023.06.22"]

1. d4 d5 2. c4 c6 3. Nf3 Nf6 4. Nc3 dxc4 5. a4 Bf5 6. e3 e6 7. Bxc4 Bb4 8. O-O
O-O 9. Qe2 Bg6 10. Ne5 Nbd7 11. Nxg6 hxg6 12. Rd1 Qc7 13. Bd2 e5 14. Ne4 Bxd2
15. Nxf6+ Nxf6 16. Rxd2 exd4 17. Rxd4 Rfd8 1/2-1/2

[Event "Godesberg- Sodingen"]
[Site "?"]
[Date "2023.05.14"]
[Round "9.6"]
[White "Kutzner, Stephen"]
[Black "Mueller, Frank"]
[Result "0-1"]
[WhiteElo "2060"]
[BlackElo "1968"]
[PlyCount "130"]
[SourceVersionDate "2023.06.22"]

1. d4 Nf6 2. c4 g6 3. Nc3 d5 4. cxd5 Nxd5 5. e4 Nxc3 6. bxc3 Bg7 7. Bc4 c5 8.
Ne2 O-O 9. O-O Nc6 10. Be3 Bd7 11. Rb1 Na5 12. Bd3 cxd4 13. cxd4 e6 14. Qd2 b6
15. Rfc1 Bc6 16. Bh6 Qd7 17. Rc3 Qb7 18. Ng3 Rfd8 19. Bxg7 Kxg7 20. d5 exd5 21.
Nh5+ gxh5 22. Qg5+ Kf8 23. Qh6+ Ke7 24. exd5 Bxd5 25. Re1+ Be6 26. Bf5 Rd6 27.
Bxe6 Rxe6 28. Qg5+ Ke8 29. Rxe6+ fxe6 30. Qg8+ Ke7 31. Qxh7+ Kd6 32. Rd3+ Kc6
33. Qe4+ Kb5 34. a4+ Ka6 35. Qe2 Rc8 36. Rd7+ b5 37. axb5+ Qxb5 38. Rd6+ Rc6
39. Rxc6+ Nxc6 40. Qa2+ Kb6 41. h4 Qd5 42. Qb2+ Kc5 43. Qc3+ Kb5 44. Qb2+ Nb4
45. Qe2+ Nd3 46. g4 hxg4 47. Qxg4 Qe5 48. Qf3 Qd5 49. Qg4 Ne5 50. Qe2+ Kb6 51.
h5 Nf3+ 52. Kf1 Qb5 53. h6 Qxe2+ 54. Kxe2 Ng5 55. Ke3 a5 56. f4 Nh7 57. f5 exf5
58. Kf4 a4 59. Kxf5 a3 60. Kg6 a2 61. Kxh7 a1=Q 62. Kg8 Qg1+ 63. Kh8 Qd4+ 64.
Kg8 Qd8+ 65. Kg7 Qg5+ 0-1

[Event "Godesberg- Sodingen"]
[Site "?"]
[Date "2023.05.14"]
[Round "9.7"]
[White "Hille, Ingo"]
[Black "Mittmann, Johannes"]
[Result "1-0"]
[WhiteElo "2080"]
[BlackElo "2061"]
[PlyCount "119"]
[SourceVersionDate "2023.06.22"]

1. f4 d5 2. Nf3 Bg4 3. Ne5 Bh5 4. c4 Nd7 5. Qb3 dxc4 6. Qxb7 Nxe5 7. fxe5 Rb8
8. Qc6+ Qd7 9. Qxd7+ Kxd7 10. Na3 Rb4 11. e3 e6 12. Nxc4 Nh6 13. b3 Nf5 14. Bb2
Be7 15. Be2 Bxe2 16. Kxe2 h5 17. Rac1 h4 18. e4 Nh6 19. h3 f5 20. exf6 gxf6 21.
Rhf1 Rg8 22. Rf2 f5 23. Bc3 Rb5 24. d3 fxe4 25. dxe4 Bc5 26. Rd1+ Ke8 27. Bd4
Bxd4 28. Rxd4 Rbg5 29. Kf1 Nf7 30. e5 Rh5 31. Rff4 Rgh8 32. Rde4 R8h7 33. Rg4
Ke7 34. Ke1 Nd8 35. Kd2 Nc6 36. Kc3 Kd7 37. b4 Ne7 38. Ne3 Ng6 39. Nc4 Ne7 40.
Kb3 Nf5 41. Re2 Ke7 42. Rd2 Rg7 43. Na5 a6 44. Nc6+ Kf8 45. Rd8+ Kf7 46. Rc8
Rhg5 47. Rxc7+ Kg6 48. Rxg7+ Nxg7 49. Ne7+ Kh5 50. Rxg5+ Kxg5 51. a4 Ne8 52. b5
axb5 53. axb5 Nc7 54. b6 Na6 55. Kc4 Nb8 56. Kc5 Nd7+ 57. Kc6 Nxb6 58. Kxb6 Kf4
59. Ng6+ Kg5 60. Nxh4 1-0

[Event "Godesberg- Sodingen"]
[Site "?"]
[Date "2023.05.14"]
[Round "9.8"]
[White "Mueller- Boge, Michael"]
[Black "Rohovoy, Dmitrij"]
[Result "1/2-1/2"]
[WhiteElo "2022"]
[BlackElo "1924"]
[PlyCount "28"]
[SourceVersionDate "2023.06.22"]

1. e4 c5 2. Nf3 Nc6 3. d4 cxd4 4. Nxd4 Nf6 5. Nc3 d6 6. Be2 g6 7. Be3 Bg7 8.
O-O O-O 9. Kh1 a6 10. Nb3 Qc7 11. f4 b5 12. a3 Bb7 13. Bf3 Rac8 14. Rc1 Rfd8
1/2-1/2

[Event "Porz 3- Mülheim Nord 3"]
[Site "?"]
[Date "2023.05.14"]
[Round "9.1"]
[White "Oltmanns, Jan"]
[Black "Gallinnis, Norbert"]
[Result "1-0"]
[WhiteElo "2171"]
[BlackElo "2139"]
[PlyCount "51"]
[SourceVersionDate "2023.06.22"]

1. e4 Nc6 2. Nf3 e6 3. d4 b6 4. d5 Na5 5. c4 Bb4+ 6. Nbd2 c6 7. dxe6 fxe6 8. a3
Be7 9. b4 Nb7 10. Bb2 Nf6 11. e5 Ng4 12. Bd3 a5 13. Qb1 axb4 14. axb4 Rxa1 15.
Bxa1 d5 16. exd6 Qxd6 17. Bxg7 Rg8 18. Bc3 Qf4 19. Bxh7 Rg5 20. g3 Qf8 21. h3
Nxf2 22. Kxf2 Nd6 23. Kg2 Rf5 24. Bg6+ Kd8 25. Bxf5 exf5 26. Qd3 1-0

[Event "Porz 3- Mülheim Nord 3"]
[Site "?"]
[Date "2023.05.14"]
[Round "9.2"]
[White "Wagenknecht, Uwe"]
[Black "Kahleys, Kevin"]
[Result "1/2-1/2"]
[WhiteElo "2118"]
[BlackElo "2208"]
[PlyCount "59"]
[SourceVersionDate "2023.06.22"]

1. c4 c6 2. e4 d5 3. exd5 cxd5 4. cxd5 Nf6 5. Bb5+ Bd7 6. Bc4 Qa5 7. Nf3 Nxd5
8. Nc3 Nb6 9. Be2 Nc6 10. O-O g6 11. d4 Be6 12. Ng5 Bd5 13. Nxd5 Qxd5 14. Bf3
Qd7 15. Qb3 e6 16. d5 Nxd5 17. Rd1 Rd8 18. Ne4 Qe7 19. Bg5 f6 20. Rxd5 fxg5 21.
Rxd8+ Nxd8 22. Rd1 Qb4 23. Qd3 Be7 24. Qd7+ Kf7 25. Nxg5+ Kf6 26. Ne4+ Kf7 27.
Nd6+ Kf6 28. Ne4+ Kf7 29. Nd6+ Kf6 30. Ne4+ 1/2-1/2

[Event "Porz 3- Mülheim Nord 3"]
[Site "?"]
[Date "2023.05.14"]
[Round "9.3"]
[White "Bus, Tom"]
[Black "Evers, Leo"]
[Result "1/2-1/2"]
[WhiteElo "2100"]
[BlackElo "2074"]
[PlyCount "85"]
[SourceVersionDate "2023.06.22"]

1. Nf3 c5 2. g3 Nc6 3. Bg2 g6 4. O-O Bg7 5. c4 e6 6. Nc3 Nge7 7. d4 cxd4 8. Nb5
d6 9. Nfxd4 Nxd4 10. Nxd4 a6 11. e4 O-O 12. Be3 d5 13. exd5 exd5 14. c5 Nc6 15.
Qd2 Re8 16. h3 Qf6 17. Rfd1 Nxd4 18. Bxd4 Qxd4 19. Qxd4 Bxd4 20. Rxd4 Re2 21.
b4 Be6 22. Bxd5 Rd8 23. Rad1 Bxd5 24. Rxd5 Rxd5 25. Rxd5 Rxa2 26. Rd7 a5 27.
Rxb7 axb4 28. Rxb4 Rc2 29. Rb8+ Kg7 30. Rc8 h5 31. h4 Kf6 32. Kg2 Ke6 33. c6
Kd6 34. Rd8+ Ke6 35. Re8+ Kd6 36. Rd8+ Ke6 37. Rc8 Kd6 38. c7 Rxc7 39. Rxc7
Kxc7 40. Kf3 Kd6 41. Kf4 f6 42. Ke4 Ke6 43. f4 1/2-1/2

[Event "Porz 3- Mülheim Nord 3"]
[Site "?"]
[Date "2023.05.14"]
[Round "9.4"]
[White "Slowik, Martin"]
[Black "Mainusch, Martin"]
[Result "1/2-1/2"]
[WhiteElo "1964"]
[BlackElo "2075"]
[PlyCount "40"]
[SourceVersionDate "2023.06.22"]

1. d4 d5 2. Nc3 Nf6 3. Bf4 c5 4. e4 Nxe4 5. Nxe4 dxe4 6. dxc5 Qa5+ 7. c3 Qxc5
8. Qa4+ Nc6 9. Qxe4 g6 10. Nf3 Bg7 11. Qe3 Qxe3+ 12. Bxe3 O-O 13. Bb5 e5 14.
Nd2 Be6 15. f3 Rfd8 16. Nb3 a6 17. Bxc6 bxc6 18. Nc5 Bd5 19. O-O-O Bf8 20. b3
Bxc5 1/2-1/2